00998ngm a2200301 4500003000400000005001700004007000500021008004100026010002000067024002200087035002000109040001300129082001400142245008600156260003200242300005100274440003200325500003600357500007000393538004900463538007900512650001900591700001800610700002100628700001900649700001000668700001800678dpl20100319161710.0DVD ||||||sp199 xxu|||||c ||| 00| 0 ng d  aDVD-007092-7098 c49.00aSHE 272 F2 aDVD-007092-7098 aDPLcDPL aDVD RAJA aRaja SaabcAssociated Films & Finance Corporation Presentsh[videorecording] VCD/ bShemaroo Home Entertainment a2 videodisc VCD; bsd., col. ;c4 3/4 in.fVCD aShemaroo Home Entertainment aMastered From The Original Film aThis Title in Completed with 2 Disc. Not to be sold individually. aDolby Digital 5.1 - Hindi Subtitles: English aNTSC Format-All Regions, 16x9 Anamorphic (2:23.1 Aspect Ratio), Dual Layer aMotion Picture aSuraj Prakash aKalyanji Anandji aKapoor, Shashi aNanda aRajesdra Nath